000
00339nam a2200133Ia 4500
008
240624s9999 xx 000 0 und d
041
_a
eng
082
_a
658.8 KOT
100
_a
KOTLER PHILIP
245
_a
MARKETING MANAGEMENT
250
_a
(12th ed.)
260
_c
2006
_a
New Delhi
_b
Pearson Education
300
_a
xxxix, : 672 : p. ; 27cm.
999
_c
8671
_d
8671